000 01309nam a2200301 a 4500
003 OSt
005 20230822141544.0
007 cr ||||||a|c|a
008 230724s2023 mx a|||f mm|| 001 0 spa d
040 _erda
100 1 _9187659
_aBlas Romero, Jaen
245 1 _aImpacto del Carbendazim, Imidacloprid y Glifosato en las comunidades microbianas del suelo en el cultivo de chile /
_cpor Jaen Blas Romero ; director de tesis Marcela E. Sarabia Ochoa.
264 1 _aChapingo, México :
_bEl autor,
_c2023.
300 _a1 recurso en línea ( 113 páginas):
_bcuadros, figuras.
336 _2rdacontent
_atexto
_btxt
337 _2rdamedia
_acomputadora
_bc
338 _2rdacarrier
_arecurso en línea
_bcr
502 _cCentros Regionales
_d2023.
_gLIC
504 _aIncluye referencias bibliográficas: páginas 82-112.
650 4 _9110437
_aSuelos
_xMicroorganismos
650 4 _922355
_aChile (Botánica)
_xEnfermedades por nemátodos
650 4 _9156211
_aChile
_xCultivo
650 4 _9187661
_aPlaguicidas efecto en nemátodos
650 4 _9187662
_aPlaguicidas efecto en suelos
700 1 _9187667
_aSarabia Ochoa, Marcela E.
_eDirector de tesis.
856 _uhttp://10.13.5.2/tesis/tl/1510258-2_BLAS_ROMERO_JAEN.pdf
_zDESCARGAR PDF
942 _2Clasificación Universidad Autónoma Chapingo
_cTD
999 _c219069
_d219069